000
00298nam a2200109Ia 4500
008
220204s9999 xx 000 0 und d
082
_a
352(540)
_b
BHO
100
_a
BHOGLE, Shantaram K
245
0
_a
Local government and administration in India
260
_a
Aruangabad
_b
Dashrathe
_c
1977
942
_c
BK
999
_c
33114
_d
33114